000 00677nam a2200229Ia 4500
001 8936
003 GE_BSU
008 181216s||||||||xx |||||||||||||| ||und||
040 _cGE_BSU
080 _a821.353.1-32
100 _aკიკნაძე,რობერტ
245 _aმეცამეტე.
245 _bმოთხრობა
245 _cრედ:ლ.ერისთავი;მხატვ:.ნ.კვირკვია
260 _aთბილისი.
260 _bნაკადული.
260 _c1990.
300 _a79გვ;18სმ.
653 _aმეცამეტე.
653 _aმოთხრობა
942 _cBK
999 _c42241
_d42241